• 首页
  • 本馆介绍
  • 公告通知
  • 最新文献
  • 馆藏检索
  • 电子资源
  • 读者导购
  • 参考咨询
  • 我的图书馆
  • 登录
  • 详细信息显示
  • 放入我的书架
  • 预约/预借图书
  • 作者相关作品
  • 分类相关作品
  • 丛书相关作品
  • 出版社相关作品

书目信息

  • 表格格式
  • 工作单格式
  • 卡片格式
题名:
RNA干扰技术
    
 
作者: 金由辛 , 赵波涛 , 马中良 编著
分册:  
出版信息: 北京   化学工业出版社  2013.09
页数: 192页
开本: 24cm
丛书名: 高新技术科普丛书
单 册:
中图分类: Q522
科图分类:
主题词: 核糖核酸--生物技术 , 核糖核酸 , 生物技术
电子资源:
ISBN: 978-7-122-17135-1
000 01183oam2 2200325 450
001 0120131142874
005 20140610085120.51
010    @a978-7-122-17135-1@dCNY39.00
100    @a20131011d2013 em y0chiy50 ea
101 0  @achi
102    @aCN@b110000
105    @aak z 000yy
106    @ar
200 1  @aRNA干扰技术@9RNA gan rao ji shu@dTechniques of RNA interference@f金由辛,赵波涛,马中良编著@zeng
210    @a北京@c化学工业出版社@d2013.09
215    @a192页@c图@d24cm
225 2  @a高新技术科普丛书
330    @a本书系统阐述RNA干扰技术原理及在各领域的应用,内容包括:RNA干扰技术的发现史、基本原理、基本技术、用于基因与基因组功能研究、用于药物靶点的确认、用于治疗药物的研发以及各类天然的siRNA与miRNA介绍。
333    @a生物学、医学基础、药学以及其他领域了解该技术的人士
461  0 @12001 @a高新技术科普丛书
510 1  @aTechniques of RNA interference@zeng
606 0  @a核糖核酸@x生物技术
606 0  @a核糖核酸
606 0  @a生物技术
690    @aQ522@v5
701  0 @a金由辛@9jin you xin@4编著
701  0 @a赵波涛@9zhao bo tao@4编著
701  0 @a马中良@9ma zhong liang@4编著
801  0 @aCN@b人天书店@c20131011
905    @b846890-92@dQ522@e203@f3
    
    RNA干扰技术=Techniques of RNA interference/金由辛,赵波涛,马中良编著.-北京:化学工业出版社,2013.09
    192页:图;24cm.-(高新技术科普丛书)
    使用对象:生物学、医学基础、药学以及其他领域了解该技术的人士
    
    ISBN 978-7-122-17135-1:CNY39.00
    本书系统阐述RNA干扰技术原理及在各领域的应用,内容包括:RNA干扰技术的发现史、基本原理、基本技术、用于基因与基因组功能研究、用于药物靶点的确认、用于治疗药物的研发以及各类天然的siRNA与miRNA介绍。
●
相关链接 在E读中查询图书 在五车中查询图书 在当当中查询图书 在豆瓣中查询图书


正题名:RNA干扰技术     索取号:Q522/203         预约/预借

序号 登录号 条形码 馆藏地/架位号 状态 备注
1 846890   208468905   第二样本阅览室/ [索取号:Q522/203] 在馆    
2 846891   208468914   第三借阅区/ [索取号:Q522/203] 在馆    
3 846892   208468923   第三借阅区/ [索取号:Q522/203] 在馆    
唐山师范学院图书馆 欢迎您!
大连网信软件有限公司© 版权所有